Repair manual, type 17 Rabbit, type 53 Scirocco / (Запис № 543112)

МАРК-запис
000 -LEADER
fixed length control field 01349cam a2200313Ii 4500
001 - CONTROL NUMBER
control field repairmanualtype00volk
003 - CONTROL NUMBER IDENTIFIER
control field CaSfIA
005 - DATE AND TIME OF LATEST TRANSACTION
control field 20210118214847.0
007 - PHYSICAL DESCRIPTION FIXED FIELD--GENERAL INFORMATION
fixed length control field cr||||
008 - FIXED-LENGTH DATA ELEMENTS--GENERAL INFORMATION
fixed length control field 781207s1977 gw a 001 0 eng d
040 ## - CATALOGING SOURCE
Original cataloging agency IGA
Transcribing agency IGA
Modifying agency CaSfIA
035 ## - SYSTEM CONTROL NUMBER
System control number (OCoLC)4427143
050 #4 - LIBRARY OF CONGRESS CALL NUMBER
Classification number TL215.R2
Item number R4 1977
092 ## - LOCALLY ASSIGNED DEWEY CALL NUMBER (OCLC)
Classification number 629.28722
Item number V921R2
110 2# - MAIN ENTRY--CORPORATE NAME
Corporate name or jurisdiction name as entry element Volkswagenwerk.
245 10 - TITLE STATEMENT
Title Repair manual, type 17 Rabbit, type 53 Scirocco /
Medium [electronic resource]
Statement of responsibility, etc Volkswagenwerk Aktiengesellschaft.
250 ## - EDITION STATEMENT
Edition statement 2d ed.
260 ## - PUBLICATION, DISTRIBUTION, ETC. (IMPRINT)
Place of publication, distribution, etc Wolfsburg, Ger. :
Name of publisher, distributor, etc Volkswagenwerk,
Date of publication, distribution, etc c1977.
300 ## - PHYSICAL DESCRIPTION
Extent 513 p. in various pagings :
Other physical details ill. ;
Dimensions 29 cm.
500 ## - GENERAL NOTE
General note "W42-007-130-1."
500 ## - GENERAL NOTE
General note Includes index.
506 ## - RESTRICTIONS ON ACCESS NOTE
Standardized terminology for access restriction Необхідна авторизація на https://archive.org/ (створення облікового запису безкоштовно)
506 ## - RESTRICTIONS ON ACCESS NOTE
Standardized terminology for access restriction Необхідна авторизація на https://openlibrary.org/ (створення облікового запису безкоштовно)
650 #0 - SUBJECT ADDED ENTRY--TOPICAL TERM
Topical term or geographic name as entry element Rabbit automobile.
650 #0 - SUBJECT ADDED ENTRY--TOPICAL TERM
Topical term or geographic name as entry element Scirocco automobile.
856 41 - ELECTRONIC LOCATION AND ACCESS
Uniform Resource Identifier <a href="http://www.archive.org/details/repairmanualtype00volk">http://www.archive.org/details/repairmanualtype00volk</a>
Public note Free eBook from the Internet Archive
856 42 - ELECTRONIC LOCATION AND ACCESS
Uniform Resource Identifier <a href="http://www.openlibrary.org/books/OL24218262M">http://www.openlibrary.org/books/OL24218262M</a>
Public note Additional information and access via Open Library
942 ## - ADDED ENTRY ELEMENTS (KOHA)
Koha item type ЕКнига

Немає доступних примірників.